000 00592nam a2200241Ia 4500
003 OSt
005 20221005121228.0
006 a|||||r|||| 00| 0
007 ta
008 221004b |||||||| |||| 00| 0 mal d
024 _a54677
037 _cTextual
040 _aCRL
_cCRL
_bmal
041 _2mal
_amal
082 _aO32:gN5, J81
100 _aVallathol
_9207053
245 0 _aGrantha viharam
260 _c1958
300 _a268p.
_ccm.
650 _aMALAYALAM LITERATURE
_938866
942 _hO32:gN5, J81
_cTEXL
_2cc
999 _c1040518
_d1040518